12 Eylül günlüğü : (Record no. 71288)

MARC details
000 -LEADER
fixed length control field 01062 a2200361 4500
001 - CONTROL NUMBER
control field 71288
003 - CONTROL NUMBER IDENTIFIER
control field TR-AnTOB
005 - DATE AND TIME OF LATEST TRANSACTION
control field 20190725101021.0
008 - FIXED-LENGTH DATA ELEMENTS--GENERAL INFORMATION
fixed length control field 140711s1986 tu 000 0
035 ## - SYSTEM CONTROL NUMBER
System control number 71288
040 ## - CATALOGING SOURCE
Original cataloging agency TR-AnTOB
Transcribing agency TR-AnTOB
041 ## - LANGUAGE CODE
Language code of text/sound track or separate title Türkçe
050 ## - LIBRARY OF CONGRESS CALL NUMBER
Classification number DR603
Item number .C466 1986
090 ## - LOCALLY ASSIGNED LC-TYPE CALL NUMBER (OCLC); LOCAL CALL NUMBER (RLIN)
Classification number (OCLC) (R) ; Classification number, CALL (RLIN) (NR) DR603 .C466 1986
100 1# - MAIN ENTRY--PERSONAL NAME
Personal name Cemal, Hasan,
Dates associated with a name 1944-
9 (RLIN) 82940
245 #0 - TITLE STATEMENT
Title 12 Eylül günlüğü :
Remainder of title demokrasi korkusu /
Statement of responsibility, etc. Hasan Cemal.
246 #3 - VARYING FORM OF TITLE
Title proper/short title On iki Eylül günlüğü :
Remainder of title demokrasi korkusu
250 ## - EDITION STATEMENT
Edition statement 2. bs.
264 #1 - PRODUCTION, PUBLICATION, DISTRIBUTION, MANUFACTURE, AND COPYRIGHT NOTICE
Place of production, publication, distribution, manufacture Ankara:
Name of producer, publisher, distributor, manufacturer Bilgi,
Date of production, publication, distribution, manufacture, or copyright notice 1986.
300 ## - PHYSICAL DESCRIPTION
Extent 660 s. ;
Dimensions 19 cm.
336 ## - CONTENT TYPE
Source rdacontent
Content type term text
Content type code txt
337 ## - MEDIA TYPE
Source rdamedia
Media type term unmediated
Media type code n
338 ## - CARRIER TYPE
Source rdacarrier
Carrier type term volume
Carrier type code nc
490 0# - SERIES STATEMENT
Series statement Bilgi dizisi ;
Volume/sequential designation 41
Series statement Hasan Cemal ;
Volume/sequential designation 2
590 ## - LOCAL NOTE (RLIN)
Local note Sn.Celil Güngör tarafından
Condition of individual reels (VM) [OBSOLETE] bağışlanmıştır.
651 ## - SUBJECT ADDED ENTRY--GEOGRAPHIC NAME
Geographic name Türkiye
General subdivision Siyaset ve yönetim
Chronological subdivision 1960-
9 (RLIN) 23670
Geographic name Turkey
General subdivision Politics and government
Chronological subdivision 1960-
9 (RLIN) 55477
902 ## - LOCAL DATA ELEMENT B, LDB (RLIN)
a 0024603
903 ## - LOCAL DATA ELEMENT C, LDC (RLIN)
a Merkez Kütüphane
942 ## - ADDED ENTRY ELEMENTS (KOHA)
Koha item type Book
Source of classification or shelving scheme Library of Congress Classification
945 ## - LOCAL PROCESSING INFORMATION (OCLC)
a AY. BS
Holdings
Withdrawn status Lost status Source of classification or shelving scheme Materials specified (bound volume or other part) Not for loan Collection code Home library Current library Shelving location Date acquired Source of acquisition Cost, normal purchase price Serial Enumeration / chronology Inventory number Total Checkouts Total Holds Full call number Barcode Copy number Date shelved Koha item type
      C.1 Ödünç Verilebilir / Available Genel Koleksiyon Merkez Kütüphane Merkez Kütüphane Genel Koleksiyon / Main Collection 22/12/2008 Bağış / Donation 0.01 1 SUİ/TAR     DR603 .C466 1986 0024603 1 21/04/2010 Book
Devinim Yazılım Eğitim Danışmanlık tarafından Koha'nın orjinal sürümü uyarlanarak geliştirilip kurulmuştur.